Normal view
MARC view
Entry Personal Name
001 - CONTROL NUMBER
- control field: 1235064
003 - CONTROL NUMBER IDENTIFIER
- control field: OSt
005 - DATE AND TIME OF LATEST TRANSACTION
- control field: 20260417155619.0
008 - FIXED-LENGTH DATA ELEMENTS
- fixed length control field: 260417|| aca||aabn | a|a d
040 ## - CATALOGING SOURCE
- Original cataloging agency: OSt
- Transcribing agency: OSt
100 ## - HEADING--PERSONAL NAME
- Personal name: Gopal Sarvepalli
670 ## - SOURCE DATA FOUND
- Source citation: Work cat.: (OSt)616841: 312004, Anatomy of a confrontation: the Babri Masjid-Ram Janam bhumi issue , 1991
